A munkácsi vár rövid története a vár látogatói számára /

Elmentve itt :
Bibliográfiai részletek
Szerző: Lehoczky Tivadar
Dokumentumtípus: Könyv
Kulcsszavak:Munkács története, Vár - Munkács
Online Access:http://misc.bibl.u-szeged.hu/25183
LEADER 00517nam a2200133 i 4500
001 misc25183
005 20191222165243.0
008 171103suuuu hu o 0|| zxx d
040 |a SZTE Miscellanea Repozitórium  |b hun 
041 |a zxx 
100 1 |a Lehoczky Tivadar 
245 1 2 |a A munkácsi vár rövid története   |h [elektronikus dokumentum] :  |b a vár látogatói számára /  |c  Lehoczky Tivadar 
695 |a Munkács története, Vár - Munkács 
856 4 0 |u http://misc.bibl.u-szeged.hu/25183/1/015_021_003-020.pdf  |z Dokumentum-elérés